| 000 | 00402nam a2200145Ia 4500 | ||
|---|---|---|---|
| 008 | 210716s2000 xx 000 0 und d | ||
| 020 | _a8173712409 | ||
| 041 | _aeng | ||
| 082 | _a658.4062 ANDA | ||
| 100 | _aAndersen, Arthur. | ||
| 245 |
_aManaging business risks: an integrated approach. _bIntegrated approach. |
||
| 250 | _a1 | ||
| 260 |
_aHyderabad _bUniversities Press _c2000 |
||
| 300 | _axii,152 | ||
| 999 |
_c198881 _d198881 |
||